Language Quiz

Random Language or Country Quiz
Score 0/15 Timer 03:00
2 Plays Today
Question Answer Wrong Answers
Russia Russian
99.2%
Armenian
0.1%
German
0.1%
English
0.2%
Vietnam Vietnamese
97.2%
Cantonese
2.1%
Hindi
0.4%
Hebrew
0.3%
Norway Norwegian
95.8%
German
0.3%
Dutch
2%
Swedish
1.4%
The Netherlands Dutch
95.6%
German
0.9%
English
0.8%
Norwegian
2.6%
Iceland Icelandic
93.8%
Dutch
1.5%
Danish
3.4%
Basque
0.6%
India Hindi
90.3%
English
2.7%
Bengali
4.3%
Arabic
1.6%
Mexico Spanish
89%
Mexican
10%
English
0.2%
Nahuatl
0.1%
Lebanon Arabic
82.4%
French
4.6%
English
1.2%
Hebrew
10.5%
Peru Spanish
80.9%
Quechua
4.8%
Aymara
0.9%
Portuguese
11.9%
Libya Arabic
80.5%
Berber
5.4%
French
9.7%
Portuguese
2.6%
Turkmenistan Turkmen
63.5%
Russian
14.2%
Uzbek
7.6%
Arabic
12.7%
São Tomé and Príncipe Portuguese
60.2%
Forro
2.9%
Cabo Verdian
5.3%
French
29.4%
Micronesia English
31.2%
Chuukese
7%
Micronesian
49.2%
Yapese
9.7%
Sri Lanka Sinhala
27.1%
Tamil
45%
Hindi
21.4%
English
4.1%
Ethiopia Oromo
19.5%
Swahili
45.4%
Somali
16.8%
Tigrinya
15.6%
Remove Ads.
Support Sporcle.
Get the best of Sporcle when you Go Orange. This ad-free experience offers more features, more stats, and more fun while also helping to support Sporcle. Thank you for becoming a member.

You're not logged in!

Compare scores with friends on all Sporcle quizzes.
OR
Log In

Show Comments

Extras

Top Quizzes Today


Score Distribution

Your Account Isn't Verified!

In order to create a playlist on Sporcle, you need to verify the email address you used during registration. Go to your Sporcle Settings to finish the process.

Report this User

Report this user for behavior that violates our Community Guidelines.

Details: